Indiana Cities Quiz Stats

 Plays Quiz Updated Apr 9, 2018

Also try: Michigan Cities
Challenge
Share
Tweet
Embed
Score 0/20 Timer 06:00
1 Play Today
Rank City % Correct
1Indianapolis
99.4%
9Gary
82.1%
2Fort Wayne
76.3%
4South Bend
76.1%
7Bloomington
67.3%
3Evansville
65.2%
10Lafayette
53.6%
12Terre Haute
53.1%
11Muncie
49.4%
5Carmel
44.7%
Rank City % Correct
14Kokomo
36%
16Anderson
31%
8Hammond
30.1%
17Elkhart
29.9%
6Fishers
29.8%
20Jeffersonville
25.9%
13Noblesville
23%
15Greenwood
22.1%
18Mishawaka
20.1%
19Lawrence
14.2%

You're not logged in!

Compare scores with friends on all Sporcle quizzes.
OR
Log In

You Might Also Like...

Show Comments

Extras

Top Quizzes Today


Score Distribution

Your Account Isn't Verified!

In order to create a playlist on Sporcle, you need to verify the email address you used during registration. Go to your Sporcle Settings to finish the process.

Report this User

Report this user for behavior that violates our Community Guidelines.

Details: